Statistics for Tesla Models by Picture Quiz

Click here to take the quiz!

General Stats

  • This quiz has been taken 104 times
    (27 since last reset)
  • The average score is 5 of 5

Answer Stats

Answer% Correct
Cybertruck
100%
Model 3
90%
Model S
90%
Model X
90%
Model Y
80%

Score Distribution

Percentile by Number Answered

Percent of People with Each Score

Your Score History

You have not taken this quiz since the last reset